Real estate financing in Scotland and England (Record no. 121164)
[ view plain ]
| 000 -LEADER | |
|---|---|
| fixed length control field | 01069nas a22002297a 4500 |
| 001 - CONTROL NUMBER | |
| control field | K121164 |
| 007 - PHYSICAL DESCRIPTION FIXED FIELD--GENERAL INFORMATION | |
| fixed length control field | ta |
| 008 - FIXED-LENGTH DATA ELEMENTS--GENERAL INFORMATION | |
| fixed length control field | 191105b2019 ||||| |||| 00| 0 eng d |
| 041 ## - LANGUAGE CODE | |
| Language code of text/sound track or separate title | eng |
| 100 ## - MAIN ENTRY--PERSONAL NAME | |
| Personal author | Hepburn, Tom |
| 245 ## - TITLE STATEMENT | |
| Title | Real estate financing in Scotland and England |
| 260 ## - PUBLICATION INFORMATION | |
| Date | 2019 |
| 490 ## - SERIES TITLE | |
| Series statement | Estates Gazette |
| Volume | (1946) 16 November 2019, 48-50(3) |
| 520 ## - ABSTRACT | |
| Abstract | Third in a series of four articles looking at the differences between England and Scottish property law. Looks at difference between the two jurisdictions regarding commercial real estate financing including the security package protecting lender against default by borrower. Includes security over real estate, associated contractual rights, bank accounts/cash deposits and shares.. Table lists differences in terminology used. For Part 1 see K121151 and Part 2 see K121161 and Part 4 K121165. |
| 650 ## - KEYWORDS | |
| Keywords | Security |
| 650 ## - KEYWORDS | |
| Keywords | Forfeiture |
| 650 ## - KEYWORDS | |
| Keywords | Registratoin |
| 651 ## - SUBJECT ADDED ENTRY--GEOGRAPHIC NAME | |
| Geographic name | England and Wales |
| 651 ## - SUBJECT ADDED ENTRY--GEOGRAPHIC NAME | |
| Geographic name | Scotland |
| 690 ## - LOCAL SUBJECT ADDED ENTRY--TOPICAL TERM (OCLC, RLIN) | |
| 9 (RLIN) | 6241 |
| Topical term or geographic name as entry element | Finance & taxation |
| 700 ## - ADDED PERSONAL NAME | |
| Added personal author | Dewar, Carolyn |
| Withdrawn status | Lost status | Damaged status | Not for loan | Home library | Current library | Shelving location | Date acquired | Total Checkouts | Date last seen | Price effective from | Koha item type |
|---|---|---|---|---|---|---|---|---|---|---|---|
| London | London | Journals | 28/11/2019 | 28/11/2019 | 28/11/2019 | Journal article |